000 00205nam a22000857a 4500
008 161220b xxu||||| |||| 00| 0 eng d
100 _92140
_aCCE
245 _aEnglish in Interact
260 _aNew Delhi
_bCCE
_c2011
999 _c5020
_d5020